B.SC PRACTICAL PHYSICS (Record no. 9323)

MARC details
000 -LEADER
fixed length control field 00511nam a22001697a 4500
003 - CONTROL NUMBER IDENTIFIER
control field SGT
020 ## - INTERNATIONAL STANDARD BOOK NUMBER
International Standard Book Number 9788121909099
082 ## - DEWEY DECIMAL CLASSIFICATION NUMBER
Classification number 530,ARO
100 ## - MAIN ENTRY--PERSONAL NAME
Personal name ARORA,C.L
245 ## - TITLE STATEMENT
Title B.SC PRACTICAL PHYSICS
250 ## - EDITION STATEMENT
Edition statement 19TH
260 ## - PUBLICATION, DISTRIBUTION, ETC. (IMPRINT)
Place of publication, distribution, etc NEW DELHI
Name of publisher, distributor, etc S. CHAND
Year of Publication 2014
300 ## - PAGE DESCRIPTION
No. of Pages 693
650 ## - SUBJECT ADDED ENTRY--TOPICAL TERM
Topical term or geographic name as entry element PHYSICS
653 ## - KEYWORDS--INDEX TERM
Keyword term MECHANICS AND PROPERTIES OF MATTER, OPTICS, SOUND, MAGNETISM, ELECTRICITY,ATOMIC MOLECULAR AND NUCLEAR PHYSICS, SOLID STATE PHYSICS AND ELECTRONICS, ADDITIONAL EXPERIMENTS
942 ## - ADDED ENTRY ELEMENTS (KOHA)
Source of classification or shelving scheme Dewey Decimal Classification
Koha item type FPS Books
942 ## - ADDED ENTRY ELEMENTS (KOHA)
-- 5
Holdings
Withdrawn status Lost status Source of classification or shelving scheme Damaged status Not for loan Collection code Home library Current library Shelving location Date acquired Vendor Name Cost, normal purchase price SGTU Bill Number Total Checkouts Full call number Accession No. (Barcode) Date last seen Date last borrowed Bill Date Koha item type
    Dewey Decimal Classification     SCIENCE SGT Science & Social Sciences Library SGT Science & Social Sciences Library On Display 29/06/2016 SPARSH BOOKS 450.00 SGTU 1291 8 530,ARO PS504 11/10/2023 04/09/2023 25/11/2014 FPS Books
    Dewey Decimal Classification     SCIENCE SGT Science & Social Sciences Library SGT Science & Social Sciences Library On Display 29/06/2016 SPARSH BOOKS 450.00 SGTU 1291 2 530,ARO PS505 13/12/2018 29/05/2018 25/11/2014 FPS Books